[Event "BL2-Nord 2223"]
[Site "Germany"]
[Date "2022.10.23"]
[Round "2.7"]
[White "Hourigan, Gerrit"]
[Black "Ertan, Can"]
[Result "0-1"]
[WhiteElo "2306"]
[BlackElo "2372"]
[PlyCount "56"]
[EventDate "2022.10.22"]
[EventType "team-tourn"]
[EventRounds "10"]
[EventCountry "GER"]
[SourceTitle "EXT 2024"]
[Source "ChessBase"]
[SourceDate "2023.10.10"]
[SourceVersion "1"]
[SourceVersionDate "2023.10.10"]
[SourceQuality "1"]
[WhiteTeam "Kiel Turm II"]
[BlackTeam "St Pauli"]
[WhiteTeamCountry "GER"]
[BlackTeamCountry "GER"]

1. d4 Nf6 2. c4 e6 3. g3 d5 4. Nf3 dxc4 5. Bg2 a6 6. 0-0 b5 7. Ne5 Nd5 8. a4 c6 9. Nc3 Bb7 10. e4 Nxc3 11. bxc3 Nd7 12. f4 Be7 13. Be3 0-0 14. Qh5 Nf6 15. Qe2 c5 16. Bf2 Qc7 17. Rab1 cxd4 18. Bxd4 bxa4 19. Nxc4 Bc5 20. Rfc1 Rad8 21. Kh1 Nd7 22. Qa2 Bc6 23. Nb2 Rc8 24. Nxa4 Qa5 25. Ra1 Bxd4 26. cxd4 Bxa4 27. Rxc8 Rxc8 28. Qxa4 Rc1+ 0-1

[Event "BL2-Nord 2223"]
[Site "Germany"]
[Date "2022.10.22"]
[Round "1.7"]
[White "Hommer, Jeremy"]
[Black "Hourigan, Gerrit"]
[Result "1-0"]
[WhiteElo "2184"]
[BlackElo "2306"]
[PlyCount "55"]
[EventDate "2022.10.22"]
[EventType "team-tourn"]
[EventRounds "10"]
[EventCountry "GER"]
[SourceTitle "EXT 2024"]
[Source "ChessBase"]
[SourceDate "2023.10.10"]
[SourceVersion "1"]
[SourceVersionDate "2023.10.10"]
[SourceQuality "1"]
[WhiteTeam "Hamburger SK II"]
[BlackTeam "Kiel Turm II"]
[WhiteTeamCountry "GER"]
[BlackTeamCountry "GER"]

1. e4 c5 2. Nf3 d6 3. Bb5+ Nd7 4. 0-0 a6 5. Bd3 Ngf6 6. Re1 e6 7. c3 b5 8. Bc2 c4 9. d4 cxd3 10. Qxd3 Bb7 11. a4 Nc5 12. Qe2 bxa4 13. Be3 Nfd7 14. Bxc5 Nxc5 15. Rxa4 Be7 16. Rd4 Qc7 17. e5 d5 18. Nbd2 0-0 19. h4 a5 20. Ng5 g6 21. Rg4 Rab8 22. Nxh7 Ne4 23. Nxf8 Bxf8 24. Nxe4 dxe4 25. Bxe4 Qxe5 26. Bxb7 Qxe2 27. Rxe2 Rxb7 28. h5 1-0

[Event "GER-ch 93rd"]
[Site "Magdeburg"]
[Date "2022.08.14"]
[Round "1"]
[White "Hourigan, Gerrit"]
[Black "Carlstedt, Jonathan"]
[Result "0-1"]
[WhiteElo "2306"]
[BlackElo "2439"]
[PlyCount "64"]
[EventDate "2022.08.14"]
[EventType "swiss"]
[EventRounds "9"]
[EventCountry "GER"]
[SourceTitle "CBM 209 Extra"]
[Source "ChessBase"]
[SourceDate "2022.09.30"]
[SourceVersion "1"]
[SourceVersionDate "2022.09.30"]
[SourceQuality "1"]

1. d4 Nf6 2. c4 e6 3. g3 d5 4. Nf3 Bb4+ 5. Bd2 Bd6 6. Bg2 0-0 7. 0-0 Nbd7 8. Qc2 c6 9. Rd1 a5 10. Nc3 dxc4 11. e4 e5 12. dxe5 Bxe5 13. Nxe5 Nxe5 14. Be3 Qe7 15. h3 b5 16. f4 Nd3 17. e5 Nd5 18. Nxd5 cxd5 19. a4 Rb8 20. axb5 Rxb5 21. Rxd3 cxd3 22. Qxd3 Rxb2 23. Bd4 Rb4 24. Rxa5 Bf5 25. Qe3 Rb1+ 26. Kh2 Be4 27. Bxe4 dxe4 28. Qxe4 Qb4 29. Rd5 Rb2+ 30. Kh1 Ra8 31. Qf3 Ra1+ 32. Bg1 Rxg1+ 0-1

[Event "Oberliga Nord N 2122"]
[Site "Germany"]
[Date "2022.05.01"]
[Round "9.1"]
[White "Hourigan, Gerrit"]
[Black "Zimmermann, Julian"]
[Result "1-0"]
[WhiteElo "2312"]
[BlackElo "2287"]
[PlyCount "79"]
[EventDate "2021.10.31"]
[EventType "team-tourn"]
[EventRounds "9"]
[EventCountry "GER"]
[SourceTitle "EXT 2023"]
[Source "ChessBase"]
[SourceDate "2022.10.05"]
[SourceVersion "1"]
[SourceVersionDate "2022.10.05"]
[SourceQuality "1"]
[WhiteTeam "Hamburg Schachfreunde"]
[BlackTeam "Hamburg Koenigsspringer"]
[WhiteTeamCountry "GER"]
[BlackTeamCountry "GER"]

1. d4 Nf6 2. c4 e6 3. g3 c5 4. d5 exd5 5. cxd5 d6 6. Nc3 g6 7. Bg2 Bg7 8. Nf3 0-0 9. 0-0 Re8 10. Bf4 Nh5 11. Bg5 Nf6 12. Qd2 a6 13. a4 Nbd7 14. Rfe1 Rb8 15. Rab1 Qb6 16. h3 c4 17. Qf4 Qb4 18. Nd2 b5 19. axb5 axb5 20. Nde4 Nxe4 21. Nxe4 Be5 22. Qh4 f5 23. Bd2 Qb3 24. Ng5 Nf8 25. Nf3 Bxb2 26. Nd4 Qa2 27. Bb4 Rb6 28. Qf4 c3 29. Bxd6 b4 30. Bc5 b3 31. Bxb6 c2 32. Rxb2 Qxb2 33. Qd2 Nd7 34. Ba5 Nc5 35. Bc3 Qb1 36. Qc1 Qa2 37. Nc6 Nd3 38. Qh6 Ne5 39. Nxe5 Qb1 40. Qc1 1-0

[Event "Oberliga Nord N 1920"]
[Site "Germany"]
[Date "2019.12.08"]
[Round "4.6"]
[White "Hourigan, Gerrit"]
[Black "Petri, Alexander"]
[Result "1/2-1/2"]
[WhiteElo "2198"]
[BlackElo "2128"]
[PlyCount "37"]
[EventDate "2019.09.29"]
[EventType "team-tourn"]
[EventRounds "9"]
[EventCountry "GER"]
[SourceTitle "CBM 195 Extra"]
[Source "ChessBase"]
[SourceDate "2020.05.31"]
[SourceVersion "1"]
[SourceVersionDate "2020.05.31"]
[SourceQuality "1"]

1. e4 c6 2. d4 d5 3. e5 Bf5 4. Nf3 e6 5. Be2 Nd7 6. 0-0 h6 7. Nbd2 Ne7 8. Nb3 Nc8 9. Be3 Be7 10. Ne1 0-0 11. f4 Be4 12. c4 dxc4 13. Nd2 Bh7 14. Nxc4 Ncb6 15. Nxb6 Nxb6 16. Bd3 Nd5 17. Qd2 Nxe3 18. Qxe3 Qd5 19. Bxh7+ 1/2-1/2

[Event "Blankenese op 3rd"]
[Site "Hamburg"]
[Date "2019.10.05"]
[Round "6"]
[White "Hourigan, Gerrit"]
[Black "Wobbe, Sven"]
[Result "1-0"]
[WhiteElo "2094"]
[BlackElo "1989"]
[PlyCount "76"]
[EventDate "2019.10.03"]
[EventType "swiss"]
[EventRounds "7"]
[EventCountry "GER"]
[SourceTitle "EXT 2023"]
[Source "ChessBase"]
[SourceDate "2022.10.05"]
[SourceVersion "1"]
[SourceVersionDate "2022.10.05"]
[SourceQuality "1"]

1. Nf3 c5 2. c4 e6 3. Nc3 Nf6 4. g3 b6 5. Bg2 Bb7 6. 0-0 Be7 7. b3 0-0 8. Bb2 d6 9. d4 cxd4 10. Qxd4 a6 11. Rfd1 Qc7 12. Rac1 Rd8 13. e4 Nbd7 14. Nd2 Rac8 15. Nf1 Qb8 16. Ne3 Bc6 17. Ba3 Nc5 18. f3 b5 19. b4 Ncd7 20. cxb5 axb5 21. Bf1 Ne8 22. Bb2 Bf6 23. Qd2 Qb6 24. Qf2 h5 25. Ng2 Qb8 26. Rc2 Ne5 27. Ne3 g6 28. f4 Nd7 29. Rdc1 Bxc3 30. Rxc3 Bxe4 31. Rxc8 Rxc8 32. Rxc8 Qxc8 33. Bxb5 d5 34. Qd2 f6 35. Qc3 Qb7 36. Qc6 Qa7 37. Qxe6+ Kf8 38. Bc1 Bf5 1-0

[Event "Blankenese op 3rd"]
[Site "Hamburg"]
[Date "2019.10.05"]
[Round "5"]
[White "Steinwender, Dieter"]
[Black "Hourigan, Gerrit"]
[Result "0-1"]
[WhiteElo "1818"]
[BlackElo "2094"]
[PlyCount "74"]
[EventDate "2019.10.03"]
[EventType "swiss"]
[EventRounds "7"]
[EventCountry "GER"]
[SourceTitle "EXT 2023"]
[Source "ChessBase"]
[SourceDate "2022.10.05"]
[SourceVersion "1"]
[SourceVersionDate "2022.10.05"]
[SourceQuality "1"]

1. e4 c5 2. Nf3 d6 3. d4 cxd4 4. Nxd4 Nf6 5. Nc3 a6 6. Bg5 Nbd7 7. f4 Qa5 8. Qd2 e6 9. Bd3 b5 10. f5 e5 11. Nb3 Qc7 12. 0-0-0 Bb7 13. Rhe1 Be7 14. Kb1 Rc8 15. g4 h6 16. Bh4 Nb6 17. Bxf6 gxf6 18. Bxb5+ axb5 19. Nxb5 Qd7 20. Nxd6+ Bxd6 21. Qxd6 Qxd6 22. Rxd6 Nc4 23. Rd3 h5 24. h3 hxg4 25. hxg4 Rh2 26. Rg3 Nd6 27. g5 fxg5 28. Rxg5 Ke7 29. c3 Nc4 30. Ka1 Nxb2 31. Rb1 Nc4 32. f6+ Kxf6 33. Rf5+ Ke6 34. Nc5+ Rxc5 35. Rxb7 Rh1+ 36. Rb1 Rxb1+ 37. Kxb1 Nd2+ 0-1

[Event "Dortmund Sparkassen op 47th"]
[Site "Dortmund"]
[Date "2019.07.14"]
[Round "2"]
[White "Hourigan, Gerrit"]
[Black "Yin, Haode"]
[Result "1-0"]
[WhiteElo "2037"]
[BlackElo "1652"]
[PlyCount "120"]
[EventDate "2019.07.13"]
[EventType "swiss"]
[EventRounds "9"]
[EventCountry "GER"]
[SourceTitle "EXT 2020"]
[Source "ChessBase"]
[SourceDate "2019.10.17"]
[SourceVersion "1"]
[SourceVersionDate "2019.10.17"]
[SourceQuality "1"]

1. Nf3 d5 2. d4 Nf6 3. c4 e6 4. Nc3 Nbd7 5. cxd5 exd5 6. Bf4 c6 7. a3 Nh5 8. Bg3 Nxg3 9. hxg3 Bd6 10. e3 Nf6 11. Bd3 Bg4 12. Qc2 h6 13. Ne5 Qe7 14. Nxg4 Nxg4 15. 0-0-0 Nf6 16. Kb1 0-0-0 17. Rc1 Kb8 18. Na4 Ne4 19. Bxe4 Qxe4 20. Qxe4 dxe4 21. g4 Rhe8 22. Rh5 Re6 23. g5 hxg5 24. Rxg5 g6 25. d5 cxd5 26. Rxd5 Rc8 27. Rh1 Rc4 28. Nc3 a6 29. Kc2 Rf6 30. Kb3 b5 31. Nxb5 Rc6 32. Nxd6 Rfxd6 33. Rhd1 Rb6+ 34. Ka2 Rdc6 35. Rd8+ Kb7 36. R8d7+ Rc7 37. b4 Rbc6 38. Rxc7+ Kxc7 39. Kb3 Kb6 40. f3 exf3 41. gxf3 Re6 42. Rd3 f5 43. Kc4 g5 44. Kd5 Re8 45. a4 Re7 46. Rc3 Kb7 47. e4 f4 48. e5 Rc7 49. Rxc7+ Kxc7 50. Ke4 Kc6 51. Kf5 Kd5 52. Kxg5 Kxe5 53. b5 axb5 54. axb5 Kd6 55. Kxf4 Kc5 56. Ke5 Kxb5 57. Ke6 Kc4 58. f4 Kd4 59. f5 Ke4 60. f6 Kf4 1-0

[Event "Hamburg-ch MB"]
[Site "Hamburg"]
[Date "2017.06.11"]
[Round "9"]
[White "Hourigan, Gerrit"]
[Black "Mix, Clemens"]
[Result "1/2-1/2"]
[WhiteElo "1847"]
[BlackElo "1767"]
[PlyCount "39"]
[EventDate "2017.06.03"]
[EventType "swiss"]
[EventRounds "9"]
[EventCountry "GER"]
[SourceTitle "CBM 179 Extra"]
[Source "ChessBase"]
[SourceDate "2017.08.23"]
[SourceVersion "1"]
[SourceVersionDate "2017.08.23"]
[SourceQuality "1"]

1. e4 c5 2. Nf3 e6 3. d4 cxd4 4. Nxd4 a6 5. Bd3 Qc7 6. 0-0 Nf6 7. Nc3 Be7 8. Qe2 d6 9. Be3 Nbd7 10. f4 b5 11. a3 Bb7 12. Rae1 0-0 13. g4 Nc5 14. Bf2 d5 15. e5 Nfe4 16. Bxe4 Nxe4 17. Nxe4 dxe4 18. Qe3 Bd5 19. Bg3 Bc5 20. c3 1/2-1/2

[Event "Hamburg-ch MB"]
[Site "Hamburg"]
[Date "2017.06.10"]
[Round "8"]
[White "Hourigan, Gerrit"]
[Black "Opasiak, Dustin Tennessee"]
[Result "1-0"]
[WhiteElo "1847"]
[BlackElo "1767"]
[PlyCount "79"]
[EventDate "2017.06.03"]
[EventType "swiss"]
[EventRounds "9"]
[EventCountry "GER"]
[SourceTitle "CBM 179 Extra"]
[Source "ChessBase"]
[SourceDate "2017.08.23"]
[SourceVersion "1"]
[SourceVersionDate "2017.08.23"]
[SourceQuality "1"]

1. e4 c6 2. d4 d5 3. e5 Bf5 4. Nf3 e6 5. Be2 c5 6. 0-0 Nc6 7. c3 Qc7 8. Be3 cxd4 9. cxd4 Nge7 10. Nc3 a6 11. Rc1 h6 12. Nd2 Nc8 13. Na4 Nb6 14. Nc5 Nd7 15. Ndb3 Nxc5 16. Nxc5 Bxc5 17. Rxc5 Qb6 18. Qd2 Rc8 19. Rfc1 0-0 20. b4 Ne7 21. a4 Rxc5 22. dxc5 Qc6 23. b5 axb5 24. axb5 Qc7 25. Qc3 Ra8 26. Ra1 Rxa1+ 27. Qxa1 Qb8 28. Bd4 Kf8 29. Qa5 Ke8 30. g4 Bh7 31. Bd1 Kd7 32. f3 Kc8 33. Ba4 Qc7 34. Qc3 Qb8 35. Kf2 Qa8 36. Qb4 Kd8 37. c6 bxc6 38. bxc6 Ke8 39. c7+ Nc6 40. Qb8+ 1-0

[Event "Hamburg CC Easter op 3rd"]
[Site "Hamburg"]
[Date "2017.04.17"]
[Round "7"]
[White "Guenther, Patrick"]
[Black "Hourigan, Gerrit"]
[Result "1-0"]
[WhiteElo "2051"]
[BlackElo "1837"]
[PlyCount "65"]
[EventDate "2017.04.14"]
[EventType "swiss"]
[EventRounds "7"]
[EventCountry "GER"]
[SourceTitle "EXT 2020"]
[Source "ChessBase"]
[SourceDate "2019.10.17"]
[SourceVersion "1"]
[SourceVersionDate "2019.10.17"]
[SourceQuality "1"]

1. d4 Nf6 2. c4 e6 3. Nc3 Bb4 4. e3 c5 5. Nf3 0-0 6. Bd3 b6 7. 0-0 Bxc3 8. bxc3 d6 9. e4 Bb7 10. Qe2 h6 11. Nd2 e5 12. d5 Nbd7 13. g3 Re8 14. f4 exf4 15. gxf4 Nf8 16. Kh1 Qe7 17. Qf3 Ng6 18. Rg1 Kh8 19. a4 a5 20. Rb1 Qc7 21. Nf1 Bc8 22. Rb2 Bd7 23. Ne3 Rab8 24. Re2 Bxa4 25. Nf5 Bd7 26. Nxg7 Kxg7 27. f5 Ng8 28. Reg2 N8e7 29. f6+ Kh7 30. fxe7 Rxe7 31. Qh5 Be8 32. Qxh6+ Kg8 33. Bg5 1-0

[Event "Hamburg CC Easter op 3rd"]
[Site "Hamburg"]
[Date "2017.04.16"]
[Round "6"]
[White "Hourigan, Gerrit"]
[Black "Homm, Marc Michael"]
[Result "1/2-1/2"]
[WhiteElo "1837"]
[BlackElo "1983"]
[PlyCount "21"]
[EventDate "2017.04.14"]
[EventType "swiss"]
[EventRounds "7"]
[EventCountry "GER"]
[SourceTitle "EXT 2020"]
[Source "ChessBase"]
[SourceDate "2019.10.17"]
[SourceVersion "1"]
[SourceVersionDate "2019.10.17"]
[SourceQuality "1"]

1. d4 d5 2. c4 e6 3. Nf3 c6 4. g3 f5 5. Bg2 Bd6 6. Qc2 Nf6 7. 0-0 0-0 8. Nc3 Qe7 9. Bf4 b6 10. Rfd1 g6 11. Rac1 1/2-1/2

[Event "Hamburg CC Easter op 3rd"]
[Site "Hamburg"]
[Date "2017.04.16"]
[Round "5"]
[White "Speck, Jakob"]
[Black "Hourigan, Gerrit"]
[Result "0-1"]
[WhiteElo "1767"]
[BlackElo "1837"]
[PlyCount "50"]
[EventDate "2017.04.14"]
[EventType "swiss"]
[EventRounds "7"]
[EventCountry "GER"]
[SourceTitle "EXT 2020"]
[Source "ChessBase"]
[SourceDate "2019.10.17"]
[SourceVersion "1"]
[SourceVersionDate "2019.10.17"]
[SourceQuality "1"]

1. e4 c5 2. Nc3 Nc6 3. f4 g6 4. Nf3 Bg7 5. Bb5 Nd4 6. 0-0 e6 7. d3 Ne7 8. e5 Nef5 9. g4 Nxf3+ 10. Qxf3 Nd4 11. Qf2 0-0 12. Bc4 f6 13. exf6 Qxf6 14. Ne4 Qe7 15. c3 d5 16. cxd4 cxd4 17. Qe2 dxc4 18. dxc4 Bd7 19. Qd3 e5 20. h3 Rae8 21. fxe5 Rxf1+ 22. Kxf1 Qxe5 23. Nf2 Qe1+ 24. Kg2 Bc6+ 25. Kg3 Qg1+ 0-1

[Event "Hamburg CC Easter op 3rd"]
[Site "Hamburg"]
[Date "2017.04.14"]
[Round "2"]
[White "Hourigan, Gerrit"]
[Black "Schoppe, Gottfried"]
[Result "1/2-1/2"]
[WhiteElo "1837"]
[BlackElo "1608"]
[PlyCount "92"]
[EventDate "2017.04.14"]
[EventType "swiss"]
[EventRounds "7"]
[EventCountry "GER"]
[SourceTitle "EXT 2020"]
[Source "ChessBase"]
[SourceDate "2019.10.17"]
[SourceVersion "1"]
[SourceVersionDate "2019.10.17"]
[SourceQuality "1"]

1. d4 d5 2. c4 e6 3. Nf3 Nc6 4. e3 Nf6 5. Nc3 Bb4 6. Qc2 0-0 7. Bd3 h6 8. 0-0 Be7 9. a3 dxc4 10. Bxc4 Bd6 11. Rd1 Qe7 12. b4 a6 13. e4 e5 14. d5 Nd4 15. Qd3 Bg4 16. Ne2 Bxf3 17. gxf3 Nh5 18. Kg2 b5 19. Bb3 Qf6 20. Nxd4 exd4 21. Bc2 Be5 22. Bd2 Rfd8 23. Rh1 Bf4 24. Rag1 Bxd2 25. Qxd2 Nf4+ 26. Kf1 Rac8 27. Rg4 g5 28. Rhg1 Kh8 29. h4 Rg8 30. hxg5 hxg5 31. Rh1+ Kg7 32. Rh7+ Kf8 33. Bb3 Rh8 34. Rxh8+ Qxh8 35. Rxf4 gxf4 36. Qxf4 d3 37. Qg4 Qh1+ 38. Qg1 Qxf3 39. Qh2 Qf6 40. Qh3 Re8 41. Qxd3 Qe5 42. Bc2 Qf4 43. Qc3 Qc1+ 44. Kg2 Qg5+ 45. Kf1 Qc1+ 46. Kg2 Qg5+ 1/2-1/2

[Event "Hamburg HSK Christmas op 1st"]
[Site "Hamburg"]
[Date "2015.12.29"]
[Round "7"]
[White "Hourigan, Gerrit"]
[Black "Cassens, Erhard Otto"]
[Result "1-0"]
[WhiteElo "1621"]
[BlackElo "1879"]
[PlyCount "113"]
[EventDate "2015.12.27"]
[EventType "swiss"]
[EventRounds "7"]
[EventCountry "GER"]
[SourceTitle "EXT 2022"]
[Source "ChessBase"]
[SourceDate "2021.10.06"]
[SourceVersion "1"]
[SourceVersionDate "2021.10.06"]
[SourceQuality "1"]

1. d4 e6 2. c4 f5 3. Nc3 Nf6 4. Nf3 d5 5. Bf4 c6 6. e3 Be7 7. Bd3 0-0 8. 0-0 dxc4 9. Bxc4 Nd5 10. Bg3 Nd7 11. Qd2 N7f6 12. Bd3 Nh5 13. Be5 Bd7 14. e4 Nxc3 15. bxc3 fxe4 16. Bxe4 Nf6 17. Bc2 Ng4 18. Qe3 Rf5 19. Bg3 Be8 20. h3 Nh6 21. Qe2 Ra5 22. Bb3 Kh8 23. Bxe6 Bh5 24. Qe4 Bg6 25. Qe2 Bf6 26. Ne5 Bxe5 27. Bxe5 Qe7 28. Bb3 Re8 29. Rfe1 c5 30. Bc2 Bxc2 31. Qxc2 Qe6 32. Rad1 Qf7 33. Re2 Kg8 34. Rde1 Nf5 35. Qd3 cxd4 36. cxd4 Rd5 37. Qc4 Qd7 38. Re4 a5 39. Qb3 Qc6 40. g4 a4 41. Qd3 Nh4 42. Bg3 Rxe4 43. Qxe4 Ng6 44. f4 Qd7 45. Bf2 b5 46. f5 Nf8 47. Rc1 Rd6 48. Kf1 Qf7 49. Bg3 Rh6 50. d5 Rxh3 51. Kg2 Rh6 52. Rc7 Qf6 53. Be5 Qg5 54. Rxg7+ Qxg7 55. Bxg7 Kxg7 56. Qe7+ Kg8 57. Qg5+ 1-0

[Event "Hamburg HSK Christmas op 1st"]
[Site "Hamburg"]
[Date "2015.12.28"]
[Round "3"]
[White "Becker, Thomas3333"]
[Black "Hourigan, Gerrit"]
[Result "1-0"]
[WhiteElo "1944"]
[BlackElo "1621"]
[PlyCount "29"]
[EventDate "2015.12.27"]
[EventType "swiss"]
[EventRounds "7"]
[EventCountry "GER"]
[SourceTitle "EXT 2022"]
[Source "ChessBase"]
[SourceDate "2021.10.06"]
[SourceVersion "1"]
[SourceVersionDate "2021.10.06"]
[SourceQuality "1"]

1. e4 c5 2. Nf3 e6 3. d4 cxd4 4. Nxd4 Nf6 5. Nc3 Bb4 6. e5 Nd5 7. Qg4 g6 8. Ndb5 Qa5 9. Bd2 a6 10. Nd6+ Bxd6 11. exd6 Qc5 12. 0-0-0 Qxd6 13. Nxd5 Qxd5 14. Bc3 h5 15. Qh4 1-0

[Event "Hamburg HSK Christmas op 1st"]
[Site "Hamburg"]
[Date "2015.12.28"]
[Round "4"]
[White "Hourigan, Gerrit"]
[Black "Gloyer, Fabian"]
[Result "1/2-1/2"]
[WhiteElo "1621"]
[BlackElo "1335"]
[PlyCount "73"]
[EventDate "2015.12.27"]
[EventType "swiss"]
[EventRounds "7"]
[EventCountry "GER"]
[SourceTitle "EXT 2022"]
[Source "ChessBase"]
[SourceDate "2021.10.06"]
[SourceVersion "1"]
[SourceVersionDate "2021.10.06"]
[SourceQuality "1"]

1. e4 e5 2. Nf3 Nc6 3. Bb5 a6 4. Ba4 Bc5 5. 0-0 b5 6. Bb3 Nf6 7. d3 h6 8. c3 d6 9. h3 Be6 10. Re1 Ba7 11. Nbd2 0-0 12. Nf1 Ne7 13. d4 exd4 14. cxd4 Bxb3 15. Qxb3 c5 16. dxc5 dxc5 17. Rd1 Qc7 18. Ng3 c4 19. Qa3 Bc5 20. Bf4 Bxa3 21. Bxc7 Bxb2 22. Rab1 Ba3 23. Be5 Nh7 24. h4 Nf6 25. Bxf6 gxf6 26. Nh5 f5 27. Nf6+ Kh8 28. exf5 Nxf5 29. g4 Ne7 30. g5 hxg5 31. hxg5 c3 32. Nd4 Rac8 33. Nc2 Bb2 34. Rd6 Rfd8 35. Rbd1 Rxd6 36. Rxd6 Rc5 37. Rd7 1/2-1/2

[Event "Hamburg HSK Christmas op 1st"]
[Site "Hamburg"]
[Date "2015.12.28"]
[Round "5"]
[White "Queisser, Jens"]
[Black "Hourigan, Gerrit"]
[Result "0-1"]
[WhiteElo "1489"]
[BlackElo "1621"]
[PlyCount "76"]
[EventDate "2015.12.27"]
[EventType "swiss"]
[EventRounds "7"]
[EventCountry "GER"]
[SourceTitle "EXT 2022"]
[Source "ChessBase"]
[SourceDate "2021.10.06"]
[SourceVersion "1"]
[SourceVersionDate "2021.10.06"]
[SourceQuality "1"]

1. e4 c5 2. Nc3 e6 3. g3 Nc6 4. Bg2 Nf6 5. d3 Be7 6. Nge2 0-0 7. 0-0 d6 8. f4 Bd7 9. h3 Rb8 10. Be3 b5 11. a3 e5 12. f5 Nd4 13. Bf2 a5 14. Nxd4 cxd4 15. Ne2 Bc6 16. g4 h6 17. Bg3 Qb6 18. Kh2 b4 19. axb4 axb4 20. b3 Rfc8 21. Qd2 Qc5 22. Rfc1 Ra8 23. Be1 d5 24. Ng3 dxe4 25. Nxe4 Nxe4 26. Bxe4 Bxe4 27. dxe4 Bg5 28. Rxa8 Rxa8 29. Qxb4 Qxb4 30. Bxb4 Bxc1 31. Bd6 Bf4+ 32. Kg2 Ra2 33. b4 Rxc2+ 34. Kf1 d3 35. b5 Rc1+ 36. Kf2 d2 37. b6 d1Q 38. b7 Rc2# 0-1